Counties that Start with H - Statistics

General Stats
  • This quiz has been taken 121 times
  • The average score is 63 of 184
Answer Stats
County State % Correct
Harris Georgia | Texas
88%
Harrison Indiana | Iowa | Kentucky | +5 others
77%
Hamilton Florida | Illinois | Indiana | +7 others
69%
Hill Montana | Texas
69%
Hart Georgia | Kentucky
62%
Howard Arkansas | Indiana | Iowa | +4 others
58%
Hall Georgia | Nebraska | Texas
54%
Hunt Texas
50%
Hardin Illinois | Iowa | Kentucky | +3 others
46%
Hartford Connecticut
46%
Henderson Illinois | Kentucky | North Carolina | +2 others
46%
Henry Alabama | Georgia | Illinois | +7 others
46%
Hale Alabama | Texas
42%
Holmes Florida | Mississippi | Ohio
42%
Hughes Oklahoma | South Dakota
42%
Hampshire Massachusetts | West Virginia
38%
Hampton South Carolina | Virginia
38%
Hancock Georgia | Illinois | Indiana | +7 others
35%
Hand South Dakota
35%
Highland Ohio | Virginia
35%
Honolulu Hawaii
35%
Houston Alabama | Georgia | Minnesota | +2 others
35%
Hutchinson South Dakota | Texas
35%
Halifax North Carolina | Virginia
31%
Hampden Massachusetts
31%
Harding New Mexico | South Dakota
31%
Hardy West Virginia
31%
Hawaii Hawaii
31%
Hendricks Indiana
31%
Huntington Indiana
31%
Hyde North Carolina | South Dakota
31%
Haines Alaska
27%
Hardee Florida
27%
Hardeman Tennessee | Texas
27%
Harmon Oklahoma
27%
Hartley Texas
27%
Harvey Kansas
27%
Hayes Nebraska
27%
Hillsborough Florida | New Hampshire
27%
Hot Spring Arkansas
27%
Hudson New Jersey
27%
Hunterdon New Jersey
27%
Harford Maryland
23%
Harper Kansas | Oklahoma
23%
Hillsdale Michigan
23%
Hood Texas
23%
Humboldt California | Iowa | Nevada
23%
Humphreys Mississippi | Tennessee
23%
Huron Michigan | Ohio
23%
Hamlin South Dakota
19%
Hanover Virginia
19%
Hanson South Dakota
19%
Harlan Kentucky | Nebraska
19%
Hawkins Tennessee
19%
Hays Texas
19%
Hemphill Texas
19%
Hempstead Arkansas
19%
Holt Missouri | Nebraska
19%
Hood River Oregon
19%
Hooker Nebraska
19%
Howell Missouri
19%
Huntingdon Pennsylvania
19%
Haakon South Dakota
15%
Habersham Georgia
15%
Haralson Georgia
15%
Haywood North Carolina | Tennessee
15%
Herkimer New York
15%
Hidalgo New Mexico | Texas
15%
Highlands Florida
15%
Hodgeman Kansas
15%
Hoke North Carolina
15%
Hopkins Kentucky | Texas
15%
Hot Springs Wyoming
15%
Hubbard Minnesota
15%
Hudspeth Texas
15%
Huerfano Colorado
15%
Hamblen Tennessee
12%
Harney Oregon
12%
Heard Georgia
12%
Hernando Florida
12%
Hickman Kentucky | Tennessee
12%
Hickory Missouri
12%
Hinds Mississippi
12%
Hinsdale Colorado
12%
Hocking Ohio
12%
Horry South Carolina
12%
Houghton Michigan
12%
Hansford Texas
8%
Harnett North Carolina
8%
Haskell Kansas | Oklahoma | Texas
8%
Hendry Florida
8%
Hennepin Minnesota
8%
Henrico Virginia
8%
Hitchcock Nebraska
8%
Hockley Texas
8%
Hoonah-Angoon Alaska
8%
Hertford North Carolina
4%
Hettinger North Dakota
4%
Harrisonburg Virginia
0%
Hopewell Virginia
0%
No matching quizzes found
Score Distribution
Percent of People with Each Score
Percentile by Number Answered
Your Score History
You have not taken this quiz